000
00325nam a2200133Ia 4500
008
240624s9999 xx 000 0 und d
041
_a
eng
082
_a
658.8 MCD
100
_a
LAMB CHARLES W
245
_a
PRINCIPLES OF MARKETING
260
_c
2009
_a
New Delhi
_b
Cengage Learning
300
_a
600 : p.
365
_c
RS
_b
35.5
999
_c
15856
_d
15856